[Event "17. Europa ch Juvenil - Femenino s16"]
[Site "Sibenik CRO"]
[Date "2007.09.20"]
[Round "7.13"]
[White "Paulauskaite, Gintare"]
[Black "Tsirulnik, Maritsa"]
[Result "1-0"]
[WhiteElo "2015"]
[BlackElo "2095"]
[PlyCount "87"]
[EventDate "2007.09.14"]
[EventType "swiss"]
[EventRounds "9"]
[EventCountry "CRO"]
[Source "lmi"]
[SourceDate "2007.09.14"]

1. e4 c5 2. Nf3 e6 3. d3 Nc6 4. g3 d5 5. Nbd2 Nf6 6. Bg2 Be7 7. O-O O-O 8. e5
Nd7 9. Re1 b5 10. h4 a5 11. Nf1 b4 12. Bf4 a4 13. a3 bxa3 14. bxa3 Nb6 15. Ne3
Bd7 16. c4 Na5 17. Ng5 Bc6 18. Qh5 h6 19. Ng4 Qd7 20. cxd5 Nxd5 21. Be4 Nxf4
22. Bh7+ Kh8 23. gxf4 f5 24. exf6 Bxf6 25. Nxf6 Rxf6 26. Bg6 Rxg6 27. Qxg6 hxg5
28. Re5 gxf4 29. Kh2 Qe8 30. Rh5+ Kg8 31. Qh7+ Kf8 32. Rg1 Qf7 33. Rhg5 Ra7 34.
Rxg7 Qxg7 35. Rxg7 Rxg7 36. Qh8+ Kf7 37. Qh5+ Kf6 38. Qxc5 Bf3 39. Qxa5 Rg2+
40. Kh3 Rg1 41. Qd8+ Kf5 42. Qf8+ Ke5 43. d4+ Ke4 44. Qa8+ 1-0

[Event "17. Europa ch Juvenil - Femenino s16"]
[Site "Sibenik CRO"]
[Date "2007.09.20"]
[Round "7.14"]
[White "Grigorian, Marine"]
[Black "Karapetyan, Lusine"]
[Result "1-0"]
[WhiteElo "2087"]
[BlackElo "1949"]
[PlyCount "120"]
[EventDate "2007.09.14"]
[EventType "swiss"]
[EventRounds "9"]
[EventCountry "CRO"]
[Source "lmi"]
[SourceDate "2007.09.14"]

1. e4 e6 2. d3 d5 3. Qe2 Nf6 4. Nf3 Be7 5. g3 b5 6. Bg2 O-O 7. O-O Bb7 8. e5
Nfd7 9. c3 c5 10. a4 a6 11. axb5 axb5 12. Rxa8 Bxa8 13. d4 Qb6 14. dxc5 Bxc5
15. Nbd2 Nc6 16. Nb3 Be7 17. Bf4 Bb7 18. Ra1 Rb8 19. Bf1 b4 20. c4 dxc4 21.
Qxc4 Rc8 22. Qb5 Qxb5 23. Bxb5 g5 24. Nxg5 Ndxe5 25. Ne4 Nf3+ 26. Kg2 Ncd4 27.
Nxd4 Nxd4 28. Bd3 f5 29. Ra7 Bd5 30. Rxe7 fxe4 31. Ba6 e3+ 32. Kh3 e2 33. Bd2
Rc2 34. Bxb4 Nf3 35. Bd3 Ng5+ 36. Kg4 Rxb2 37. Kxg5 Rxb4 38. Bxe2 Re4 39. Bd3
Re5+ 40. Kh6 Bf3 41. Bxh7+ Kf8 42. Ra7 Rh5+ 43. Kg6 Rf5 44. Ra4 Bc6 45. Rf4
Rxf4 46. gxf4 Be4+ 47. Kh6 Bg2 48. Kg5 Kg7 49. Bd3 Bd5 50. h4 Ba2 51. h5 Bb3
52. f5 exf5 53. Bxf5 Bc4 54. f4 Bb3 55. h6+ Kh8 56. Bd7 Bc2 57. Bf5 Bb3 58. Be4
Be6 59. Kf6 Bh3 60. Bf5 Bf1 1-0

[Event "17. Europa ch Juvenil - Femenino s16"]
[Site "Sibenik CRO"]
[Date "2007.09.20"]
[Round "7.15"]
[White "Parmar, Amisha"]
[Black "Hitter, Gabriela"]
[Result "1-0"]
[WhiteElo "2011"]
[BlackElo "2083"]
[PlyCount "119"]
[EventDate "2007.09.14"]
[EventType "swiss"]
[EventRounds "9"]
[EventCountry "CRO"]
[Source "lmi"]
[SourceDate "2007.09.14"]

1. e4 c5 2. Nf3 b6 3. d4 cxd4 4. Nxd4 Bb7 5. Nc3 a6 6. Be3 e6 7. f3 Qc7 8. Qd2
Nf6 9. Bd3 Bb4 10. Nde2 d6 11. a3 Bxc3 12. Nxc3 Nbd7 13. O-O O-O 14. Rae1 Rac8
15. Kh1 Nc5 16. Bg5 Nfd7 17. f4 f6 18. Bh4 b5 19. Re3 Nb6 20. Rg3 Kh8 21. Qe2
d5 22. exd5 Bxd5 23. f5 Nxd3 24. cxd3 exf5 25. Re3 f4 26. Re7 Qd6 27. Re1 Bf7
28. Bf2 Bg6 29. Re6 Qxd3 30. Qxd3 Bxd3 31. Rxb6 Rcd8 32. Rbe6 Bc4 33. Bc5 Rg8
34. Be7 Bxe6 35. Bxd8 Bc4 36. Bc7 g5 37. Re7 Rg7 38. Rxg7 Kxg7 39. Ne4 Be6 40.
Bd8 Kg6 41. Nxf6 h5 42. Ne4 g4 43. Nc5 Bc8 44. Bc7 Kf5 45. Kg1 h4 46. Nd3 f3
47. gxf3 gxf3 48. Kf2 Ke4 49. Ne5 h3 50. Nxf3 Kd3 51. Kg3 Kc2 52. Be5 Kb3 53.
Ng5 a5 54. Nxh3 b4 55. axb4 Kxb4 56. Nf4 a4 57. h4 Bf5 58. Bd6+ Kc4 59. h5 Kd4
60. Kh4 1-0

[Event "17. Europa ch Juvenil - Femenino s16"]
[Site "Sibenik CRO"]
[Date "2007.09.20"]
[Round "7.16"]
[White "Savola, Laura"]
[Black "Bragina, Anastasia"]
[Result "1-0"]
[WhiteElo "2002"]
[BlackElo "2059"]
[PlyCount "93"]
[EventDate "2007.09.14"]
[EventType "swiss"]
[EventRounds "9"]
[EventCountry "CRO"]
[Source "lmi"]
[SourceDate "2007.09.14"]

1. d4 d5 2. c4 e6 3. Nc3 Nf6 4. cxd5 exd5 5. Bg5 c6 6. e3 Be7 7. Bd3 h6 8. Bh4
O-O 9. Qc2 Nh5 10. Bxe7 Qxe7 11. Nge2 Bg4 12. h3 Bxe2 13. Nxe2 Nd7 14. O-O-O
Nhf6 15. Ng3 g6 16. h4 c5 17. dxc5 Nxc5 18. Kb1 Rac8 19. Qe2 Nfe4 20. Bxe4 Nxe4
21. Nxe4 Qxe4+ 22. Qd3 Rfd8 23. h5 g5 24. g3 Qf3 25. Rhf1 Rc6 26. e4 Qxh5 27.
f4 g4 28. Rh1 Qg6 29. Rh4 h5 30. exd5 Rcd6 31. f5 Qg5 32. Qe4 Kf8 33. Qe5 f6
34. Qe4 a5 35. Rh2 Re8 36. Qc2 Kg8 37. a3 b5 38. Rdh1 Rdd8 39. Rxh5 Re1+ 40.
Rxe1 Qxh5 41. Qe4 Qf7 42. Rd1 Kf8 43. d6 Re8 44. Qxg4 Qd7 45. Rh1 Qxd6 46. Rh8+
Ke7 47. Qe2+ 1-0

[Event "17. Europa ch Juvenil - Femenino s16"]
[Site "Sibenik CRO"]
[Date "2007.09.20"]
[Round "7.17"]
[White "Homiakova, Elena"]
[Black "Golek, Jagoda"]
[Result "1-0"]
[WhiteElo "2012"]
[BlackElo "1990"]
[PlyCount "63"]
[EventDate "2007.09.14"]
[EventType "swiss"]
[EventRounds "9"]
[EventCountry "CRO"]
[Source "lmi"]
[SourceDate "2007.09.14"]

1. e4 c5 2. Nf3 Nc6 3. d4 cxd4 4. Nxd4 Qb6 5. Nb3 Nf6 6. Nc3 e6 7. Be3 Qc7 8.
f4 d6 9. Qf3 a6 10. O-O-O Be7 11. g4 b5 12. Bd3 Bb7 13. Rhe1 Nd7 14. Nd4 Nc5
15. Kb1 Rc8 16. Nxc6 Qxc6 17. Bd4 Kf8 18. f5 e5 19. Be3 Bd8 20. Rf1 f6 21. g5
Qe8 22. Be2 Qc6 23. Nd5 Nd7 24. Rd2 a5 25. Rg1 fxg5 26. f6 g6 27. Bxg5 Qa6 28.
Qh3 Bxd5 29. Qxd7 Bf7 30. Rxd6 Qa8 31. Rgd1 Bc7 32. Bh6+ 1-0

[Event "17. Europa ch Juvenil - Femenino s16"]
[Site "Sibenik CRO"]
[Date "2007.09.20"]
[Round "7.18"]
[White "Asgarova, Turan"]
[Black "Khanamiryan, Ani"]
[Result "0-1"]
[WhiteElo "1989"]
[BlackElo "1877"]
[PlyCount "144"]
[EventDate "2007.09.14"]
[EventType "swiss"]
[EventRounds "9"]
[EventCountry "CRO"]
[Source "lmi"]
[SourceDate "2007.09.14"]

1. e4 c6 2. d4 d5 3. exd5 cxd5 4. c4 Nf6 5. Nc3 e6 6. Nf3 Bb4 7. Bd3 O-O 8. O-O
dxc4 9. Bxc4 Nc6 10. Bg5 Be7 11. Bd3 h6 12. Bh4 Nb4 13. Bb1 b6 14. a3 Nbd5 15.
Nxd5 Qxd5 16. Qd3 g6 17. Qe3 Qh5 18. Bxf6 Bxf6 19. Be4 Ba6 20. Bxa8 Bxf1 21.
Bb7 Bb5 22. Rc1 Rd8 23. Qf4 Bg5 24. Nxg5 Qxg5 25. Qxg5 hxg5 26. Rc8 Rxc8 27.
Bxc8 Bc6 28. f3 Kf8 29. Kf2 Ke7 30. Ke3 Kd6 31. Ba6 b5 32. f4 g4 33. g3 Kc7 34.
a4 bxa4 35. Be2 f5 36. Kd2 Kb6 37. Kc3 Bb5 38. Bd1 a5 39. Bc2 Kc6 40. Bb1 Kd6
41. Ba2 Be2 42. b4 axb3 43. Bxb3 Bb5 44. Ba2 Bf1 45. Bb3 Bg2 46. Bc4 Bc6 47.
Bd3 Bd5 48. Bb5 Bc6 49. Bd3 Bd7 50. Bc4 Kc6 51. Kb3 Kd6 52. Kc3 Ba4 53. Be2 Bc6
54. Bc4 Bd7 55. Bb3 Bb5 56. Ba2 a4 57. Kb4 Bc6 58. Bc4 Bd5 59. Ba6 Bb3 60. Bb7
Bd1 61. Ba6 Kd5 62. Kc3 Ke4 63. Bb7+ Ke3 64. d5 exd5 65. Bxd5 Bf3 66. Bf7 Be4
67. Kb4 Kf2 68. Kxa4 Kg2 69. Kb3 Kxh2 70. Kc3 Kxg3 71. Kd2 Kf2 72. Bxg6 g3 0-1

[Event "17. Europa ch Juvenil - Femenino s16"]
[Site "Sibenik CRO"]
[Date "2007.09.20"]
[Round "7.19"]
[White "Manelidou, Maria"]
[Black "Babei, Angelica"]
[Result "1/2-1/2"]
[WhiteElo "1920"]
[BlackElo "1964"]
[PlyCount "116"]
[EventDate "2007.09.14"]
[EventType "swiss"]
[EventRounds "9"]
[EventCountry "CRO"]
[Source "lmi"]
[SourceDate "2007.09.14"]

1. e4 c6 2. d4 d5 3. Nd2 dxe4 4. Nxe4 Bf5 5. Ng3 Bg6 6. Nh3 Nf6 7. Nf4 e5 8.
Nxg6 hxg6 9. dxe5 Qa5+ 10. Bd2 Qxe5+ 11. Qe2 Nbd7 12. O-O-O Qxe2 13. Bxe2 O-O-O
14. Bc3 Bc5 15. f3 Nb6 16. Bxf6 gxf6 17. c4 f5 18. a3 Rh4 19. b4 Be3+ 20. Kc2
Rxd1 21. Rxd1 Nxc4 22. Nf1 Bb6 23. Kb3 Ne5 24. a4 a5 25. bxa5 Bxa5 26. g3 Rb4+
27. Ka3 Nc4+ 28. Bxc4 Rxc4 29. Rd3 Rc1 30. Ne3 Rh1 31. Nc4 Bc7 32. Rd2 Re1 33.
Kb3 Re6 34. Ra2 b5 35. axb5 cxb5 36. Nd2 Kb7 37. Rc2 Re3+ 38. Kb4 Kb6 39. Rc3
Bd6+ 40. Kb3 Rxc3+ 41. Kxc3 Ka5 42. Kb3 Bb4 43. Nf1 Bc5 44. g4 fxg4 45. fxg4 f5
46. gxf5 gxf5 47. h4 Bf8 48. Nd2 Kb6 49. Nf3 Kc5 50. h5 Kd5 51. Ng5 f4 52. Kc3
Be7 53. Nh3 f3 54. Kd3 Bc5 55. h6 f2 56. Ke2 b4 57. Nxf2 b3 58. Nd3 Bd4 1/2-1/2

[Event "17. Europa ch Juvenil - Femenino s16"]
[Site "Sibenik CRO"]
[Date "2007.09.21"]
[Round "8.1"]
[White "Warakomska, Anna"]
[Black "Muzychuk, Mariya"]
[Result "0-1"]
[WhiteElo "2133"]
[BlackElo "2330"]
[PlyCount "146"]
[EventDate "2007.09.14"]
[EventType "swiss"]
[EventRounds "9"]
[EventCountry "CRO"]
[Source "lmi"]
[SourceDate "2007.09.14"]

1. e4 d5 2. exd5 Nf6 3. d4 Nxd5 4. Be2 Bf5 5. Nf3 e6 6. O-O Be7 7. Re1 O-O 8.
c3 c5 9. Nbd2 Qc7 10. dxc5 Bxc5 11. Nb3 Bb6 12. Nbd4 Bg4 13. Qc2 Bxd4 14. Nxd4
Bxe2 15. Qxe2 Nc6 16. Nxc6 Qxc6 17. c4 Ne7 18. b3 Nf5 19. Bb2 Rfd8 20. Rad1 Qc7
21. Qe5 Qxe5 22. Bxe5 Kf8 23. f3 f6 24. Bc7 Rxd1 25. Rxd1 Rc8 26. Ba5 Ke8 27.
Kf2 e5 28. Rd5 b6 29. Bc3 Ne7 30. Rd3 Nc6 31. Ke3 Ke7 32. f4 exf4+ 33. Kxf4 Ke6
34. Re3+ Kf7 35. Rd3 Rc7 36. Rd6 Ke7 37. Rd3 Ke6 38. h4 Ne7 39. g3 b5 40. Rd4
bxc4 41. bxc4 Ng6+ 42. Ke3 Ne5 43. Re4 Rxc4 44. Rxc4 Nxc4+ 45. Kf4 h5 46. Bb4
Ne5 47. Bc3 Nf7 48. Bd2 g5+ 49. hxg5 fxg5+ 50. Ke4 Nd6+ 51. Kf3 Kf5 52. Bb4 Ne4
53. Be1 Nf6 54. a4 a6 55. a5 Nd5 56. Bf2 g4+ 57. Ke2 Ke4 58. Bb6 Nc3+ 59. Kd2
Kf3 60. Kxc3 Kxg3 61. Kc4 h4 62. Bc7+ Kg2 63. Kc5 h3 64. Kb6 g3 65. Kxa6 h2 66.
Kb7 h1=Q 67. a6 Kf1+ 68. Kb8 g2 69. Bb6 Qh8+ 70. Kb7 Qg7+ 71. Kb8 Qe5+ 72. Ka8
Qb5 73. a7 Qc6+ 0-1

[Event "17. Europa ch Juvenil - Femenino s16"]
[Site "Sibenik CRO"]
[Date "2007.09.21"]
[Round "8.2"]
[White "Guadamuro Torrente, Anabel"]
[Black "Ozturk, Kubra"]
[Result "0-1"]
[WhiteElo "2095"]
[BlackElo "2167"]
[PlyCount "86"]
[EventDate "2007.09.14"]
[EventType "swiss"]
[EventRounds "9"]
[EventCountry "CRO"]
[Source "lmi"]
[SourceDate "2007.09.14"]

1. e4 e5 2. Nf3 Nc6 3. Bc4 Nf6 4. d3 Be7 5. O-O O-O 6. Bb3 d6 7. c3 Be6 8. Re1
Qd7 9. Nbd2 Rfe8 10. Ba4 a6 11. d4 b5 12. Bc2 Bg4 13. d5 Nd8 14. Nf1 Bh5 15.
Ng3 Bg6 16. Nh4 c6 17. Nxg6 hxg6 18. a4 Nb7 19. Be3 cxd5 20. exd5 Na5 21. Qf3
Rec8 22. h4 Qg4 23. Qxg4 Nxg4 24. axb5 axb5 25. Bg5 Kf8 26. Bxe7+ Kxe7 27. h5
Nc4 28. hxg6 fxg6 29. Bxg6 Nh6 30. Rxa8 Rxa8 31. b3 Nd2 32. f4 Kf6 33. Bd3 exf4
34. Nh5+ Kg5 35. Nxg7 f3 36. Ne6+ Kh4 37. Kh1 Ng4 38. gxf3 Nxf3 39. Re4 Kg3 40.
Rxg4+ Kxg4 41. Be2 Kg3 42. Bxf3 Kxf3 43. Nd4+ Kf2 0-1

[Event "17. Europa ch Juvenil - Femenino s16"]
[Site "Sibenik CRO"]
[Date "2007.09.21"]
[Round "8.4"]
[White "Agrest, Inna"]
[Black "Repina, Varvara"]
[Result "0-1"]
[WhiteElo "2077"]
[BlackElo "2196"]
[PlyCount "56"]
[EventDate "2007.09.14"]
[EventType "swiss"]
[EventRounds "9"]
[EventCountry "CRO"]
[Source "lmi"]
[SourceDate "2007.09.14"]

1. e4 c5 2. Nf3 d6 3. d4 cxd4 4. Nxd4 Nf6 5. Nc3 a6 6. Bg5 e6 7. f4 Be7 8. Qf3
h6 9. Bh4 Qc7 10. O-O-O Nbd7 11. g4 g5 12. Bg3 gxf4 13. Bh4 Ne5 14. Qh3 Nfxg4
15. Nf5 exf5 16. Nd5 Qc5 17. b4 Qc6 18. Bxe7 fxe4 19. Qa3 Be6 20. b5 Qc5 21.
Bxd6 Qxa3+ 22. Bxa3 O-O-O 23. Nb6+ Kc7 24. Rxd8 Rxd8 25. Bc5 e3 26. bxa6 bxa6
27. Bxa6 Kc6 28. Na4 Ra8 0-1

[Event "17. Europa ch Juvenil - Femenino s16"]
[Site "Sibenik CRO"]
[Date "2007.09.21"]
[Round "8.5"]
[White "Iordanidou, Zoi"]
[Black "Tsatsalashvili, Keti"]
[Result "0-1"]
[WhiteElo "2005"]
[BlackElo "2181"]
[PlyCount "118"]
[EventDate "2007.09.14"]
[EventType "swiss"]
[EventRounds "9"]
[EventCountry "CRO"]
[Source "lmi"]
[SourceDate "2007.09.14"]

1. e4 c6 2. d4 d5 3. exd5 cxd5 4. Bd3 Nc6 5. c3 Qc7 6. Ne2 Bg4 7. f3 Bd7 8. Bf4
Qb6 9. Qb3 Qxb3 10. axb3 Nf6 11. O-O e6 12. b4 Nh5 13. Re1 Nxf4 14. Nxf4 Be7
15. b5 Nd8 16. Re2 g5 17. Nh5 O-O 18. g4 f6 19. b4 Bd6 20. Rea2 Bc7 21. Nd2 Rc8
22. Rc1 Be8 23. Ng3 Bb8 24. Nb3 Bg6 25. Bxg6 hxg6 26. Nc5 Rf7 27. Ne2 Rh7 28.
Ng3 b6 29. Nd3 Nb7 30. Re2 Re7 31. Nf1 Bf4 32. Ne3 Bxe3+ 33. Rxe3 Kf7 34. f4
gxf4 35. Nxf4 Nd6 36. Rh3 Kg7 37. Re1 Ne4 38. Ree3 Rce8 39. Re1 g5 40. Nh5+ Kg6
41. c4 f5 42. cxd5 exd5 43. gxf5+ Kxf5 44. Rhe3 Kg6 45. Ng3 Rc7 46. Nxe4 Rxe4
47. Rxe4 dxe4 48. Rxe4 Rc4 49. Re6+ Kf5 50. Re5+ Kf4 51. Rd5 Rxb4 52. h3 Rb3
53. Kg2 Rb2+ 54. Kg1 Ra2 55. Re5 Ra4 56. Rd5 Ra3 57. Kg2 Ra2+ 58. Kg1 Ra3 59.
Kh1 g4 0-1

[Event "17. Europa ch Juvenil - Femenino s16"]
[Site "Sibenik CRO"]
[Date "2007.09.21"]
[Round "8.6"]
[White "Havlikova, Kristyna"]
[Black "Mnatsakanyan, Diana"]
[Result "1-0"]
[WhiteElo "2164"]
[BlackElo "1970"]
[PlyCount "101"]
[EventDate "2007.09.14"]
[EventType "swiss"]
[EventRounds "9"]
[EventCountry "CRO"]
[Source "lmi"]
[SourceDate "2007.09.14"]

1. e4 e6 2. d4 d5 3. Nc3 Nf6 4. e5 Nfd7 5. f4 c5 6. Nf3 Nc6 7. Be3 Qb6 8. Qd2
Be7 9. O-O-O c4 10. Bxc4 dxc4 11. d5 Bc5 12. Bxc5 Nxc5 13. dxc6 O-O 14. c7 Qxc7
15. Nb5 Qb6 16. Nd6 Bd7 17. Nxc4 Qa6 18. Na3 Rac8 19. Rhe1 b5 20. Kb1 Rfd8 21.
Qb4 Qb6 22. Rd6 Bc6 23. Red1 Rxd6 24. exd6 Bd5 25. Qd4 Qa6 26. Ne5 Ne4 27. d7
Rd8 28. Qb4 Qd6 29. Qa5 Qb6 30. Qxb6 axb6 31. Nxb5 f6 32. Ng4 Rxd7 33. Ne3 Kf7
34. Nxd5 Rxd5 35. Rxd5 exd5 36. c3 Ke6 37. Nc7+ Kd6 38. Ne8+ Kc5 39. Nxg7 Nd2+
40. Kc2 Nf1 41. Kd3 Nxh2 42. b4+ Kc6 43. a4 Ng4 44. Kd4 Nf2 45. Nf5 Kd7 46. Ne3
Kc6 47. Nxd5 Ng4 48. b5+ Kb7 49. Ke4 Nf2+ 50. Kf5 Nd3 51. Kxf6 1-0

[Event "17. Europa ch Juvenil - Femenino s16"]
[Site "Sibenik CRO"]
[Date "2007.09.21"]
[Round "8.9"]
[White "Eric, Jovana"]
[Black "Ni, Viktorija"]
[Result "1/2-1/2"]
[WhiteElo "2041"]
[BlackElo "2147"]
[PlyCount "99"]
[EventDate "2007.09.14"]
[EventType "swiss"]
[EventRounds "9"]
[EventCountry "CRO"]
[Source "lmi"]
[SourceDate "2007.09.14"]

1. e4 c5 2. Nf3 e6 3. d4 cxd4 4. Nxd4 a6 5. c4 Bc5 6. Nb3 Ba7 7. Nc3 d6 8. Qe2
Nc6 9. Be3 Nf6 10. Bxa7 Rxa7 11. O-O-O b6 12. f4 Rd7 13. g4 h6 14. Bg2 Bb7 15.
h4 g6 16. Bf3 Nh7 17. g5 h5 18. Rd2 Qc7 19. Rhd1 Nf8 20. Qe3 Ne7 21. Kb1 Bc6
22. Nd4 e5 23. Nxc6 Qxc6 24. Nd5 Nxd5 25. exd5 Qc5 26. Qxc5 bxc5 27. fxe5 dxe5
28. Re2 Re7 29. d6 Re6 30. Bd5 Rxd6 31. Bxf7+ Kd7 32. Rde1 Ke7 33. Bd5 Nd7 34.
Rf1 Rh7 35. Kc2 Kd8 36. a3 a5 37. Kc3 Kc7 38. Rb1 Rh8 39. b4 cxb4+ 40. axb4
axb4+ 41. Rxb4 Rf8 42. Ra2 Rf4 43. Rb7+ Kd8 44. Ra8+ Ke7 45. Rg8 Rxh4 46. Rg7+
Kd8 47. Rg8+ Ke7 48. Rg7+ Kd8 49. Rg8+ Ke7 50. Rg7+ 1/2-1/2

[Event "17. Europa ch Juvenil - Femenino s16"]
[Site "Sibenik CRO"]
[Date "2007.09.21"]
[Round "8.10"]
[White "Sikorska, Dorota"]
[Black "Paulauskaite, Gintare"]
[Result "0-1"]
[WhiteElo "1915"]
[BlackElo "2015"]
[PlyCount "72"]
[EventDate "2007.09.14"]
[EventType "swiss"]
[EventRounds "9"]
[EventCountry "CRO"]
[Source "lmi"]
[SourceDate "2007.09.14"]

1. e4 c5 2. Nc3 Nc6 3. g3 g6 4. Bg2 Bg7 5. d3 d6 6. Be3 Rb8 7. Qd2 b5 8. Nge2
b4 9. Nd1 Nd4 10. O-O e6 11. h4 h5 12. Bg5 Qa5 13. Bf4 Qa6 14. Nc1 e5 15. Be3
Nf6 16. c3 bxc3 17. bxc3 Nc6 18. f4 Ng4 19. fxe5 Ncxe5 20. Bf4 O-O 21. Ne3 Nxe3
22. Bxe3 Ng4 23. Ne2 Nxe3 24. Qxe3 Rb2 25. Rfc1 Rxa2 26. Rxa2 Qxa2 27. Nf4 Qb2
28. Nd5 Be6 29. Kh2 Bxd5 30. exd5 Bxc3 31. Rxc3 Qxc3 32. Qe7 Qxd3 33. Qxd6 c4
34. Qc7 c3 35. d6 c2 36. d7 Qd2 0-1

[Event "17. Europa ch Juvenil - Femenino s16"]
[Site "Sibenik CRO"]
[Date "2007.09.21"]
[Round "8.11"]
[White "Ildzhirinova, Saglara"]
[Black "Savola, Laura"]
[Result "1-0"]
[WhiteElo "2106"]
[BlackElo "2002"]
[PlyCount "145"]
[EventDate "2007.09.14"]
[EventType "swiss"]
[EventRounds "9"]
[EventCountry "CRO"]
[Source "lmi"]
[SourceDate "2007.09.14"]

1. e4 e6 2. d4 d5 3. Nd2 dxe4 4. Nxe4 Bd7 5. Bd3 Bc6 6. Nf3 Nd7 7. O-O Ngf6 8.
Ng3 Be7 9. c4 Bxf3 10. Qxf3 c6 11. b3 O-O 12. Bb2 Qa5 13. a4 Rfd8 14. Rfd1 Rac8
15. Rac1 Bb4 16. Bb1 a6 17. Ne4 Nxe4 18. Qxe4 Nf8 19. Qg4 Ng6 20. h4 Bd2 21.
Rc2 Bh6 22. g3 Rd7 23. Re2 Rcd8 24. Ree1 Nf8 25. Qf3 Ng6 26. Bc3 Qb6 27. Bc2
Qc7 28. a5 Qd6 29. b4 Qc7 30. Bb3 Ne7 31. Bc2 Ng6 32. Rb1 Rc8 33. Rbd1 Rcd8 34.
Qe4 Qd6 35. h5 Nf8 36. Bb3 Qc7 37. Bb2 Qd6 38. Bc3 Qc7 39. Qe5 Qc8 40. Bb2 Kh8
41. Rd3 Rc7 42. Red1 Rcd7 43. Qe4 Re8 44. Qf3 Rde7 45. Kg2 Bg5 46. Qg4 Bh6 47.
Qf3 Bg5 48. Qg4 Bh6 49. Bc1 Bxc1 50. Rxc1 h6 51. Rcd1 Nd7 52. Re3 Nf6 53. Qe2
Qc7 54. Bc2 Qd6 55. Rb3 e5 56. dxe5 Qxe5 57. Re3 Qc7 58. Rxe7 Rxe7 59. Qf3 Rd7
60. Rxd7 Qxd7 61. Qf5 Qd8 62. Be4 Kg8 63. Bf3 Qf8 64. b5 cxb5 65. cxb5 Qb8 66.
b6 Kf8 67. Qc5+ Ke8 68. Bd1 Nd7 69. Qc7 Qd8 70. Ba4 Ke7 71. Qxb7 Kd6 72. Qxd7+
Qxd7 73. Bxd7 1-0

[Event "17. Europa ch Juvenil - Femenino s16"]
[Site "Sibenik CRO"]
[Date "2007.09.21"]
[Round "8.12"]
[White "Khanamiryan, Ani"]
[Black "Khazhomia, Salome"]
[Result "1/2-1/2"]
[WhiteElo "1877"]
[BlackElo "2175"]
[PlyCount "93"]
[EventDate "2007.09.14"]
[EventType "swiss"]
[EventRounds "9"]
[EventCountry "CRO"]
[Source "lmi"]
[SourceDate "2007.09.14"]

1. e4 e6 2. d4 d5 3. Nd2 Nf6 4. e5 Nfd7 5. Bd3 c5 6. c3 Nc6 7. Ne2 Qb6 8. Nf3
cxd4 9. cxd4 f6 10. exf6 Nxf6 11. O-O Bd6 12. b3 O-O 13. Bf4 Bxf4 14. Nxf4 Ne4
15. Ne2 Nd6 16. Rc1 Bd7 17. Bb1 g6 18. Qd2 Kg7 19. h4 Qd8 20. Ng3 Qf6 21. Rfe1
Rad8 22. Qd3 Nf5 23. Nxf5+ exf5 24. Rc5 b6 25. Rcc1 Rfe8 26. Qd2 f4 27. b4 a6
28. Qc3 Rc8 29. Rxe8 Rxe8 30. Bd3 b5 31. Qc5 Re6 32. h5 Rd6 33. hxg6 hxg6 34.
Re1 Bg4 35. Ne5 Bh5 36. Bb1 f3 37. gxf3 Nxe5 38. dxe5 Qg5+ 39. Kf1 Bxf3 40.
Qc7+ Kh6 41. Qc1 Qxc1 42. Rxc1 Re6 43. Rc3 Be4 44. Bxe4 dxe4 45. Rc5 Kg5 46.
Ke2 Kf4 47. Rd5 1/2-1/2

[Event "17. Europa ch Juvenil - Femenino s16"]
[Site "Sibenik CRO"]
[Date "2007.09.21"]
[Round "8.13"]
[White "Homiakova, Elena"]
[Black "Forgues, Valerie"]
[Result "1-0"]
[WhiteElo "2012"]
[BlackElo "1983"]
[PlyCount "69"]
[EventDate "2007.09.14"]
[EventType "swiss"]
[EventRounds "9"]
[EventCountry "CRO"]
[Source "lmi"]
[SourceDate "2007.09.14"]

1. e4 e5 2. Nf3 Nc6 3. Bb5 a6 4. Ba4 Nf6 5. O-O Be7 6. Re1 b5 7. Bb3 O-O 8. h3
d6 9. c3 Na5 10. Bc2 c5 11. d4 Qc7 12. Nbd2 Bd7 13. Nf1 Rac8 14. d5 Rfe8 15. g4
Red8 16. Ng3 b4 17. Kh2 bxc3 18. bxc3 Nb7 19. c4 Na5 20. Bd3 Rb8 21. Bd2 Nb7
22. Rg1 Ne8 23. Nf5 Bxf5 24. gxf5 a5 25. Bh6 Bf6 26. Qd2 a4 27. Rg2 Qa5 28. Qe3
Kf8 29. Bg5 Ke7 30. Bxf6+ gxf6 31. Rg8 Rd7 32. Qh6 Kd8 33. Rxe8+ Kxe8 34. Qxf6
Qd8 35. Qh8+ 1-0

[Event "17. Europa ch Juvenil - Femenino s16"]
[Site "Sibenik CRO"]
[Date "2007.09.21"]
[Round "8.15"]
[White "Tsirulnik, Maritsa"]
[Black "Richard, Emma"]
[Result "1/2-1/2"]
[WhiteElo "2095"]
[BlackElo "1962"]
[PlyCount "112"]
[EventDate "2007.09.14"]
[EventType "swiss"]
[EventRounds "9"]
[EventCountry "CRO"]
[Source "lmi"]
[SourceDate "2007.09.14"]

1. c4 Nf6 2. Nf3 Nc6 3. b3 e5 4. Bb2 Bc5 5. d3 d6 6. g3 Bg4 7. Bg2 Qd7 8. h3
Bf5 9. e4 Be6 10. Ng5 O-O 11. O-O h6 12. Nxe6 fxe6 13. a3 a5 14. Nd2 Qf7 15.
Nf3 Nh5 16. Kh2 Qg6 17. d4 exd4 18. Nxd4 Ne7 19. Qg4 Bxd4 20. Qxg6 Nxg6 21.
Bxd4 Nf6 22. c5 Rad8 23. Rfd1 e5 24. Be3 dxc5 25. Bxc5 Rfe8 26. Be3 Ne7 27. f4
Nc6 28. fxe5 Nxe5 29. Rxd8 Rxd8 30. Bf4 Nfd7 31. Rd1 Re8 32. Bd2 b6 33. Bc3 Nc5
34. b4 axb4 35. axb4 Nb7 36. Rd5 Nf7 37. Rd7 Nbd6 38. Rxc7 Nxe4 39. Bd4 b5 40.
Bxe4 Rxe4 41. Bc5 Ne5 42. Rb7 Re2+ 43. Kg1 Rd2 44. Rb8+ Kf7 45. Rf8+ Ke6 46.
Rf1 Nd7 47. Re1+ Kd5 48. Rc1 Ne5 49. Rc3 h5 50. Bf8 Ke4 51. Bxg7 Nf3+ 52. Kf1
Rd1+ 53. Ke2 Rd2+ 54. Kf1 Rd1+ 55. Kf2 Rd2+ 56. Kf1 Rd1+ 1/2-1/2

[Event "17. Europa ch Juvenil - Femenino s16"]
[Site "Sibenik CRO"]
[Date "2007.09.21"]
[Round "8.16"]
[White "Hitter, Gabriela"]
[Black "Manelidou, Maria"]
[Result "1/2-1/2"]
[WhiteElo "2083"]
[BlackElo "1920"]
[PlyCount "85"]
[EventDate "2007.09.14"]
[EventType "swiss"]
[EventRounds "9"]
[EventCountry "CRO"]
[Source "lmi"]
[SourceDate "2007.09.14"]

1. e4 e6 2. Nc3 d5 3. Nf3 dxe4 4. Nxe4 Bd7 5. d4 Bc6 6. Bd3 Nd7 7. O-O Ngf6 8.
Ned2 Be7 9. c3 O-O 10. Nc4 Bxf3 11. Qxf3 c6 12. Qh3 g6 13. Bh6 Re8 14. Bf4 Nd5
15. Be5 Nxe5 16. Nxe5 Bd6 17. Nxf7 Nf4 18. Nxd8 Nxh3+ 19. gxh3 Raxd8 20. Bc4
Kg7 21. Rfe1 e5 22. Rad1 exd4 23. Rxe8 Rxe8 24. Rxd4 Rd8 25. Kg2 Kf6 26. Bb3
Bc7 27. Rb4 b6 28. Re4 Rd6 29. Rf4+ Kg5 30. Rf7 Bd8 31. Rxh7 a5 32. h4+ Kf5 33.
h5 gxh5 34. Rxh5+ Kg6 35. Rh8 Rd2 36. Re8 Bh4 37. Re6+ Kg5 38. Rxc6 Rxf2+ 39.
Kg1 Rxb2 40. Rc8 Kg4 41. Rg8+ Kf3 42. Rf8+ Ke4 43. Re8+ 1/2-1/2

[Event "17. Europa ch Juvenil - Femenino s16"]
[Site "Sibenik CRO"]
[Date "2007.09.21"]
[Round "8.17"]
[White "Bragina, Anastasia"]
[Black "Hortensius, Lisa"]
[Result "1-0"]
[WhiteElo "2059"]
[BlackElo "1908"]
[PlyCount "131"]
[EventDate "2007.09.14"]
[EventType "swiss"]
[EventRounds "9"]
[EventCountry "CRO"]
[Source "lmi"]
[SourceDate "2007.09.14"]

1. e4 c5 2. Nf3 Nc6 3. c3 d5 4. exd5 Qxd5 5. d4 e6 6. Be3 cxd4 7. cxd4 Nf6 8.
Nc3 Qd8 9. Bb5 Bd7 10. O-O a6 11. Be2 Nb4 12. Ne5 Nbd5 13. Bg5 Nxc3 14. bxc3
Be7 15. Bf3 Ra7 16. c4 O-O 17. Qb3 Bc8 18. Rfd1 Nd7 19. Be3 Ra8 20. Rab1 Nxe5
21. dxe5 Qc7 22. Qc3 Rd8 23. Rxd8+ Bxd8 24. Bb6 Qe7 25. Bxd8 Qxd8 26. Rd1 Qe7
27. Qd4 g6 28. Qd8+ Qxd8 29. Rxd8+ Kg7 30. h3 f6 31. Kh2 fxe5 32. c5 Kf6 33. c6
bxc6 34. Bxc6 Rb8 35. Bd7 Bxd7 36. Rxb8 Bb5 37. Kg3 h6 38. h4 h5 39. Rc8 Be2
40. Rc2 Bd3 41. Rc3 Be2 42. f3 Bb5 43. Kf2 g5 44. hxg5+ Kxg5 45. Rc8 Kf5 46.
Rf8+ Kg6 47. Rg8+ Kf5 48. Rh8 Kg5 49. Kg3 Bc4 50. a4 Bb3 51. a5 Bd5 52. Rd8 Kf5
53. Rd6 Bc4 54. Rc6 Bd3 55. Rc3 Bb1 56. Rc5 Kf6 57. Rc6 Bd3 58. Kh4 Bb5 59. Rb6
Bf1 60. Kxh5 Bxg2 61. Rxa6 Bxf3+ 62. Kh4 Kf5 63. Kg3 Bd5 64. Rd6 Ba8 65. a6 Ke4
66. Kf2 1-0